Particle size measurement

Αποθηκεύτηκε σε:
Λεπτομέρειες βιβλιογραφικής εγγραφής
Κύριος συγγραφέας: Allen, Terence
Μορφή: Βιβλίο
Γλώσσα:English
Δημοσίευση: London : Chapman and Hall, 1990
Έκδοση:4th ed.
Σειρά:Power technology series
Θέματα:
Ετικέτες: Προσθήκη ετικέτας
Δεν υπάρχουν, Καταχωρήστε ετικέτα πρώτοι!

MARC

LEADER 00000nam a2200000 i 4500
001 1/65219
008 931008s1990 eng d
020 |a 0-412-35070-X 
035 |l 10001518 
040 |a GR-MY-UA  |b gre  |e aacr 
041 0 |a eng 
082 0 |a 620.43 
100 1 |a Allen, Terence. 
245 1 0 |a Particle size measurement /  |c Terence Allen 
250 |a 4th ed. 
260 |a London :   |b Chapman and Hall,   |c 1990 
300 |a xxi, 806 σ.;  |b εικ.;  |c 24 εκ. 
490 1 |a Power technology series 
504 |a Περιέχει βιβλιογραφικές παραπομπές και ευρετήρια 
650 0 0 |a Particle size determination. 
830 0 |a Power technology series 
852 |a INST  |b LESVOS  |e 19931008  |h 620.43 ALL  |p 005100003219  |q 005100003219  |t BK  |y 0 
909 |a Λ  |b 019776